<?xml version="1.0" encoding="UTF-8"?>
<record
    xmlns:xsi="http://www.w3.org/2001/XMLSchema-instance"
    xsi:schemaLocation="http://www.loc.gov/MARC21/slim http://www.loc.gov/standards/marcxml/schema/MARC21slim.xsd"
    xmlns="http://www.loc.gov/MARC21/slim">

  <leader>00418nam a22001577a 4500</leader>
  <controlfield tag="005">20251203101321.0</controlfield>
  <controlfield tag="008">251203b        |||||||| |||| 00| 0 eng d</controlfield>
  <datafield tag="020" ind1=" " ind2=" ">
    <subfield code="a">0-421-85760-9</subfield>
  </datafield>
  <datafield tag="050" ind1=" " ind2=" ">
    <subfield code="a">KD 1480.H39 2003</subfield>
  </datafield>
  <datafield tag="100" ind1=" " ind2=" ">
    <subfield code="a">HAYTON D.J</subfield>
  </datafield>
  <datafield tag="245" ind1=" " ind2=" ">
    <subfield code="a">FUNDAMENTAL PRINCIPLES OF LAW</subfield>
    <subfield code="b">THE LAW TRUSTS</subfield>
  </datafield>
  <datafield tag="260" ind1=" " ind2=" ">
    <subfield code="a">LONDON</subfield>
    <subfield code="b">SWEET AND MAXWEL</subfield>
    <subfield code="c">2003</subfield>
  </datafield>
  <datafield tag="300" ind1=" " ind2=" ">
    <subfield code="a">X,215</subfield>
  </datafield>
  <datafield tag="500" ind1=" " ind2=" ">
    <subfield code="a">INCLUDES AN INDEX</subfield>
  </datafield>
  <datafield tag="942" ind1=" " ind2=" ">
    <subfield code="2">lcc</subfield>
    <subfield code="c">BK</subfield>
  </datafield>
  <datafield tag="999" ind1=" " ind2=" ">
    <subfield code="c">216331</subfield>
    <subfield code="d">216331</subfield>
  </datafield>
  <datafield tag="952" ind1=" " ind2=" ">
    <subfield code="0">0</subfield>
    <subfield code="1">0</subfield>
    <subfield code="2">lcc</subfield>
    <subfield code="4">0</subfield>
    <subfield code="6">KD1480 H39  02003</subfield>
    <subfield code="7">0</subfield>
    <subfield code="8">LAW</subfield>
    <subfield code="9">373890</subfield>
    <subfield code="a">KSUL</subfield>
    <subfield code="b">KSUL</subfield>
    <subfield code="c">DISPLAY</subfield>
    <subfield code="d">2025-12-03</subfield>
    <subfield code="i">110360</subfield>
    <subfield code="l">1</subfield>
    <subfield code="o">KD 1480.H39 2003</subfield>
    <subfield code="p">000000023247</subfield>
    <subfield code="r">2026-04-23 19:04:35</subfield>
    <subfield code="s">2026-04-20</subfield>
    <subfield code="t">C.2</subfield>
    <subfield code="w">2025-12-03</subfield>
    <subfield code="y">BK</subfield>
  </datafield>
  <datafield tag="952" ind1=" " ind2=" ">
    <subfield code="0">0</subfield>
    <subfield code="1">0</subfield>
    <subfield code="2">lcc</subfield>
    <subfield code="4">0</subfield>
    <subfield code="6">KD1480 H39  02003</subfield>
    <subfield code="7">0</subfield>
    <subfield code="8">LAW</subfield>
    <subfield code="9">373891</subfield>
    <subfield code="a">KSUL</subfield>
    <subfield code="b">KSUL</subfield>
    <subfield code="c">DISPLAY</subfield>
    <subfield code="d">2025-12-03</subfield>
    <subfield code="i">110361</subfield>
    <subfield code="l">0</subfield>
    <subfield code="o">KD 1480.H39 2003</subfield>
    <subfield code="p">000000023248</subfield>
    <subfield code="r">2025-12-03 10:08:46</subfield>
    <subfield code="t">C.3</subfield>
    <subfield code="w">2025-12-03</subfield>
    <subfield code="y">BK</subfield>
  </datafield>
</record>
